| 000 | 00712nam a22002177a 4500 | ||
|---|---|---|---|
| 999 |
_c7354 _d7354 |
||
| 003 | OSt | ||
| 005 | 20211008112938.0 | ||
| 008 | 211008b ||||| |||| 00| 0 eng d | ||
| 020 | _a9788131720257 | ||
| 040 | _cDDC | ||
| 082 | _a005.74 CON 2005 | ||
| 100 |
_aConnolly, Thomas: Begg, Carolyn _915070 |
||
| 245 |
_aDatabase systems : _bA Practical Approach to Design, Implementation, and Management |
||
| 250 | _a4th ed. | ||
| 260 |
_a New York : _bAddison-Wesley, _cc2005 |
||
| 300 |
_axlix, 1236 pages : _b illustrations (some color) ; _c24 cm |
||
| 504 | _aIncludes bibliographical references and index. | ||
| 650 |
_aDatabase design. _96791 |
||
| 650 |
_aDatabase management. _9508 |
||
| 942 |
_2ddc _cBOOK |
||